|
|
|
|
| LEADER |
00000nam a2200000 a 4500 |
| 001 |
vtls001368744 |
| 003 |
SK-MaSNL |
| 005 |
20260302071257.0 |
| 008 |
240315s1998 FR r 0 fre |
| 020 |
|
|
|a 2020326213
|c [500,00]
|
| 035 |
|
|
|a SNK000322452
|
| 040 |
|
|
|a SNK
|b slo
|c SNK
|e AACR2
|
| 044 |
|
|
|a FR
|
| 080 |
|
|
|a 336(03)=40
|2 1981
|
| 080 |
|
|
|a 03:336=40
|2 1981
|
| 100 |
1 |
|
|a Cohn-Bendit, Daniel
|4 aut
|9 732818
|
| 245 |
1 |
|
|a Petit dictionnaire de l'euro
|c Daniel Cohn-Bendit, Olivier Duhamel avec la collaboration de Thierry Vissol
|
| 260 |
|
|
|a Paris
|b ditions du Seuil
|c 1998
|
| 300 |
|
|
|a 317 s.
|c 21 cm
|
| 650 |
0 |
7 |
|a financie
|x lexikóny francúzske
|2 SNK
|9 732819
|
| 650 |
0 |
7 |
|a peniaze medzinárodné
|x lexikóny francúzske
|2 SNK
|9 732820
|
| 650 |
0 |
7 |
|a Euro
|x lexikóny francúzske
|2 SNK
|9 732821
|
| 700 |
1 |
|
|a Duhamel, Olivier
|4 aut
|9 732822
|
| 700 |
1 |
|
|a Vissol, Thiery
|4 aut
|9 732823
|
| 919 |
|
|
|a 2-02-032621-3
|
| 999 |
|
|
|c 1151221
|d 1153151
|
| 952 |
|
|
|t P60, <04>, [BOOK], {604}
|a SNK
|b SNK
|y VYP
|7 0
|p 17A0200739
|o snkIC 128009
|i snkV 1127/99
|0 0
|1 0
|4 0
|d 1999-08-02
|l 0
|r 2005-01-02 00:00:00
|w 2026-02-24
|